| 000 | 00903nas a2200277 4500 | ||
|---|---|---|---|
| 001 | BR9505994 | ||
| 003 | BR-BrBNA | ||
| 005 | 20231205095715.0 | ||
| 007 | ta | ||
| 008 | 230509b bl.|||p| |||| 00| 00por d | ||
| 040 |
_aBR-BrBNA _bpor _cBiblioteca Nacional de Agricultura |
||
| 041 | _a(Pt) | ||
| 072 | _aF30 | ||
| 100 | 1 | _aAzevedo Filho, J.A. de | |
| 100 | 1 | _aSantos, J.B. dos | |
| 245 | 1 | _aPotencialidade de cultivares de feijao (Phaseolus vulgaris L.)para o melhoramento visando a tolerancia as condicoes quimicas de solos acidos de baixa fertilidade | |
| 650 | _aFeijao | ||
| 650 | _aVariedade | ||
| 650 | _aMelhoramento Genetico Vegetal | ||
| 650 | _aSolo Acido | ||
| 650 | _aToxidez | ||
| 650 | _aAluminio | ||
| 773 | 0 |
_tCiencia e Pratica (Brazil) _xISSN 0100-3267 _g(Jan-Mar 1993), v. 17(1) p. 49-57 _wBR9505994 |
|
| 909 |
_a202311 _bLúcia _c55 _dLúcia Elande |
||
| 942 |
_2AGRIS _n0 _cANA |
||
| 999 |
_c152261 _d152261 |
||